[Event "RUS-ch Rapid 2021"]
[Site "Sochi"]
[Date "2021.10.12"]
[Round "4.12"]
[White "Afanasiev, Nikita"]
[Black "Klukin, Kirill"]
[Result "1/2-1/2"]
[WhiteElo "2560"]
[BlackElo "2346"]
[Annotator "ChessBase"]
[PlyCount "88"]
[EventDate "2021.10.12"]
[EventType "swiss"]
[EventCountry "RUS"]
[SourceTitle "playchess.com"]
[Source "ChessBase"]
[SourceQuality "1"]
[TimeControl "900+10"]

1. Nf3 {[%emt 0:00:05]} Nf6 {[%emt 0:00:06]} 2. g3 {[%emt 0:00:00]} d5 {
[%emt 0:00:03]} 3. Bg2 {[%emt 0:00:00]} e6 {[%emt 0:00:02]} 4. O-O {[%emt 0:00:
11]} Be7 {[%emt 0:00:00]} 5. c4 {[%emt 0:00:00]} O-O {[%emt 0:00:05]} 6. b3 {
[%emt 0:00:00]} b6 {[%emt 0:00:57]} 7. Bb2 {[%emt 0:00:10]} Bb7 {[%emt 0:00:05]
} 8. e3 {[%emt 0:00:11]} c5 {[%emt 0:01:36]} 9. Qe2 {[%emt 0:00:37]} Nc6 {
[%emt 0:00:34]} 10. d3 {[%emt 0:00:18]} Qd7 {[%emt 0:00:18]} 11. Nbd2 {[%emt 0:
00:20]} Rfd8 {[%emt 0:00:00]} 12. Rfd1 {[%emt 0:00:19]} a6 {[%emt 0:00:53]} 13.
Rac1 {[%emt 0:00:13]} Rac8 {[%emt 0:01:22]} 14. cxd5 {[%emt 0:01:14]} exd5 {
[%emt 0:01:53]} 15. d4 {[%emt 0:00:13]} Qc7 {[%emt 0:00:23]} 16. Ne5 {[%emt 0:
03:32]} Nxe5 {[%emt 0:00:47]} 17. dxe5 {[%emt 0:00:04]} Nd7 {[%emt 0:01:13]}
18. f4 {[%emt 0:00:34]} b5 {[%emt 0:00:19]} 19. Nf3 {[%emt 0:01:11]} c4 {
[%emt 0:01:29]} 20. Bh3 {[%emt 0:01:48]} Nc5 {[%emt 0:01:53]} 21. Nd4 {[%emt 0:
04:26]} Ne4 {[%emt 0:01:07]} 22. Bf5 {[%emt 0:00:36]} g6 {[%emt 0:00:53]} 23.
Bxe4 {[%emt 0:00:05]} dxe4 {[%emt 0:00:00]} 24. bxc4 {[%emt 0:00:00]} bxc4 {
[%emt 0:00:04]} 25. Bc3 {[%emt 0:00:17]} Bd5 {[%emt 0:00:20]} 26. f5 {[%emt 0:
00:39]} Bc5 {[%emt 0:00:30]} 27. Rf1 {[%emt 0:00:11]} Re8 {[%emt 0:00:48]} 28.
e6 {[%emt 0:00:54]} fxe6 {[%emt 0:00:25]} 29. fxg6 {[%emt 0:00:01]} e5 {
[%emt 0:00:27]} 30. gxh7+ {[%emt 0:00:36]} Qxh7 {[%emt 0:00:14]} 31. Nf5 {
[%emt 0:00:00]} Qg6 {[%emt 0:00:11]} 32. Rf2 {[%emt 0:00:56]} Rcd8 {[%emt 0:00:
51]} 33. Rcf1 {[%emt 0:00:05]} Be6 {[%emt 0:00:30]} 34. Bxe5 {[%emt 0:00:09]}
Rd5 {[%emt 0:00:17]} 35. Bd4 {[%emt 0:00:33]} Rxf5 {[%emt 0:00:13]} 36. Rxf5 {
[%emt 0:00:28]} Bxd4 {[%emt 0:00:00]} 37. Ra5 {[%emt 0:00:02]} Bg7 {[%emt 0:00:
11]} 38. Rxa6 {[%emt 0:00:04]} c3 {[%emt 0:00:00]} 39. Qb5 {[%emt 0:00:11]} Rc8
{[%emt 0:00:22]} 40. Qb7 {[%emt 0:00:10]} Qe8 {[%emt 0:00:04]} 41. Ra7 {
[%emt 0:00:22]} Qg6 {[%emt 0:00:12]} 42. Ra6 {[%emt 0:00:00]} Qe8 {[%emt 0:00:
02]} 43. Ra7 {[%emt 0:00:00]} Qg6 {[%emt 0:00:02]} 44. Ra6 {[%emt 0:00:05]} Qe8
{[%emt 0:00:08]} 1/2-1/2

[Event "RUS-ch Rapid 2021"]
[Site "Sochi"]
[Date "2021.10.12"]
[Round "4.13"]
[White "Gutenev, Alexander"]
[Black "Demidov, Mikhail"]
[Result "1/2-1/2"]
[WhiteElo "2455"]
[BlackElo "2551"]
[Annotator "TA"]
[PlyCount "168"]
[EventDate "2021.10.12"]
[EventType "swiss"]
[EventCountry "RUS"]
[SourceTitle "playchess.com"]
[Source "ChessBase"]
[SourceQuality "1"]

{[%evp 9,168,41,43,39,61,54,62,29,23,8,8,-7,0,0,34,-21,0,-12,30,-57,-58,-64,0,
0,0,0,0,0,0,0,0,0,20,3,6,-7,-7,-12,-12,-18,-16,-9,-8,-17,-32,-24,-32,-21,-20,
-32,-35,-30,-38,-105,-106,-176,-173,-149,-116,-137,-107,-120,-75,-175,-97,-113,
-115,-111,-127,-165,-131,-362,-344,-352,-359,-352,-344,-1337,-386,-1151,-544,
-1195,-416,-418,-384,-413,-372,-358,-397,-405,-341,-368,-254,-272,-303,-299,
-296,-277,-285,-239,-212,-219,-193,-175,-154,-154,0,0,0,0,0,0,0,0,0,0,0,0,0,0,
0,0,0,0,0,0,0,0,0,0,0,0,0,0,0,0,0,0,0,0,0,0,0,0,0,0,0,0,0,0,0,0,0,0,0,0,0,0,0,
0,0]} 1. e4 g6 2. d4 Bg7 3. Nf3 d6 4. Be2 Nc6 5. O-O e5 6. dxe5 {B06: Modern
Defence.} dxe5 7. Qxd8+ Nxd8 8. Na3 {[#] White is slightly better.} a6 $146 ({
Predecessor:} 8... Ne6 9. Be3 Ne7 10. Rad1 Bd7 11. Bc4 a6 12. Rd2 h6 13. Rfd1
Bc6 14. Bxe6 fxe6 {1-0 (47) Pourramezanali,A (2543)-Demuth,A (2538) Cap d'Agde
2017}) 9. Bc4 b5 10. Bd5 c6 11. Bb3 Bg4 12. Be3 ({White should play} 12. Nb1
$14) 12... Bxf3 13. gxf3 Bh6 (13... a5 $5 {[%cal Ra5a4]}) 14. Rfd1 (14. c4 $11)
14... Bxe3 $15 15. fxe3 Ke7 (15... a5 $1 $15) 16. c4 $11 Nf6 17. cxb5 axb5 18.
Nc2 Nb7 19. Nb4 Rhc8 20. Rac1 Nd8 21. Nd3 Nd7 22. f4 exf4 23. exf4 c5 {aiming
for ...c4.} 24. Bd5 Ra4 25. a3 Rd4 26. Nf2 {Strongly threatening Rxd4.} Rxd1+
27. Nxd1 Nb6 28. Ne3 Ne6 29. Bxe6 fxe6 {[%mdl 4096] Endgame KRN-KRN} 30. Kf2 c4
31. Ke2 (31. Rg1 $15) 31... Na4 $1 $17 32. Nd1 (32. Rc2 $17) 32... Rf8 $19 33.
Ke3 e5 34. fxe5 Rf1 $1 {Hoping for ...Nxb2!} 35. Rb1 Ke6 {[%mdl 1024] Black
has strong compensation.} 36. Kd4 (36. Nc3 $17 Rxb1 37. Nxb1) 36... Rf3 (36...
g5 $19 37. Nc3 Rxb1 38. Nxb1 g4) 37. Ne3 $17 Rf2 $1 {[%csl LRb2,LRh2][%cal
Rf2d2][%mdl 64] Double Attack} 38. Nd5 Rd2+ 39. Ke3 Rxh2 40. Nc7+ $2 (40. Nf4+
$17 {was called for.} Kxe5 41. Rd1) 40... Kxe5 $19 41. Nxb5 {White hopes to
continue with Nd4.} Rh3+ (41... Nxb2 42. Nd4 $17) ({But not} 41... Rxb2 42.
Rxb2 Nxb2 43. Nc3 $19) 42. Kd2 Rb3 ({Not} 42... Kxe4 43. Re1+ Kd5 44. Re7 $19)
43. Na7 (43. Rg1) 43... Kxe4 $2 (43... Rxb2+ 44. Kc1 Rxb1+ 45. Kxb1 h5 46. Nc6+
Kxe4) 44. Kc2 $2 {[#]} (44. Rg1) 44... h5 (44... Rxb2+ $142 $1 {[%mdl 512]} 45.
Rxb2 Nxb2) 45. Nc6 {[#]} Rg3 (45... Rxb2+ $142 $1 {[%mdl 512]} 46. Rxb2 Nxb2)
46. Re1+ Kd5 47. Nb4+ Kd6 48. Rd1+ Ke6 49. Re1+ Kf5 50. Nd5 Rg2+ 51. Kc1 {
Ne3+ is the strong threat.} Kg5 52. Ne3 Rxb2 53. Nxc4 Rg2 54. Ne3 Rg3 55. Kd2
h4 56. Rc1 h3 57. Ke2 {[#] intending Kf2.} Kh6 $2 (57... Nc3+ $1 $17 {[%mdl
512]} 58. Rxc3 h2 59. Rc5+ Kf6) 58. Kf2 $11 {The position is equal.} Rg5 59.
Rh1 Ra5 (59... Rh5 {looks sharper.} 60. Kg3 Ra5 61. Nc4 Ra6 62. Rxh3+ Kg5) 60.
Rxh3+ Kg7 61. Nc4 Rc5 62. Nd2 Rc2 63. Ke1 Nc3 64. Rd3 g5 65. Rg3 Kg6 66. a4
Nxa4 67. Ne4 Kf5 68. Nxg5 Kf4 69. Ra3 Nc3 70. Ra5 Re2+ 71. Kf1 Re8 72. Kf2 (72.
Ra3 {feels hotter.} Nd5 73. Nh3+ Kf5 74. Kf2 Ke6 75. Ng5+) 72... Nd1+ 73. Kf1
Ne3+ 74. Kf2 Ng4+ 75. Kf1 Re7 (75... Ne5 {is interesting.} 76. Nh3+ Ke3 77. Nf2
Nc4 78. Nd1+ Kf3) 76. Nh3+ Kf3 77. Ng1+ Ke3 (77... Kf4 {is more complex.} 78.
Ra4+ Kf5 79. Ra5+ Kf4) 78. Ra3+ Kf4 79. Ra4+ Kf5 (79... Kg3 {keeps more
tension.} 80. Ne2+ Kh4 81. Nc3 Rf7+ 82. Ke2 Re7+) 80. Nf3 Rb7 81. Kg2 Nf6 82.
Ra5+ Kf4 83. Ra4+ Kf5 84. Ra5+ Kf4 {Black had all chances to win.  Weighted
Error Value: White=0.42/Black=0.46} 1/2-1/2

[Event "RUS-ch Rapid 2021"]
[Site "Sochi"]
[Date "2021.10.12"]
[Round "4.14"]
[White "Bocharov, Dmitry"]
[Black "Obgolts, Erik"]
[Result "1-0"]
[WhiteElo "2517"]
[BlackElo "2430"]
[Annotator "ChessBase"]
[PlyCount "153"]
[EventDate "2021.10.12"]
[EventType "swiss"]
[EventCountry "RUS"]
[SourceTitle "playchess.com"]
[Source "ChessBase"]
[SourceQuality "1"]
[TimeControl "900+10"]

1. Nf3 {[%emt 0:00:09]} Nf6 {[%emt 0:00:00]} 2. d4 {[%emt 0:00:00]} g6 {
[%emt 0:00:05]} 3. c4 {[%emt 0:00:08]} Bg7 {[%emt 0:00:04]} 4. g3 {[%emt 0:00:
00]} O-O {[%emt 0:00:00]} 5. Bg2 {[%emt 0:00:00]} d6 {[%emt 0:00:08]} 6. O-O {
[%emt 0:00:01]} c6 {[%emt 0:00:07]} 7. b3 {[%emt 0:00:01]} a5 {[%emt 0:00:32]}
8. Nc3 {[%emt 0:00:05]} Bf5 {[%emt 0:00:00]} 9. Nh4 {[%emt 0:02:38]} Bd7 {
[%emt 0:02:22]} 10. e4 {[%emt 0:00:39]} e5 {[%emt 0:00:36]} 11. Nf3 {[%emt 0:
00:06]} Bg4 {[%emt 0:00:27]} 12. Be3 {[%emt 0:00:38]} Qe7 {[%emt 0:00:35]} 13.
h3 {[%emt 0:01:46]} Bxf3 {[%emt 0:01:39]} 14. Bxf3 {[%emt 0:00:04]} exd4 {
[%emt 0:00:28]} 15. Bxd4 {[%emt 0:00:02]} Ne8 {[%emt 0:00:48]} 16. Bg2 {
[%emt 0:00:49]} Nd7 {[%emt 0:01:48]} 17. f4 {[%emt 0:00:53]} Rd8 {[%emt 0:00:
41]} 18. Rc1 {[%emt 0:00:32]} Nc5 {[%emt 0:01:17]} 19. Qd2 {[%emt 0:01:44]}
Bxd4+ {[%emt 0:00:47]} 20. Qxd4 {[%emt 0:00:03]} Ng7 {[%emt 0:00:12]} 21. Kh2 {
[%emt 0:00:23]} Rfe8 {[%emt 0:01:35]} 22. Rce1 {[%emt 0:01:47]} Nge6 {[%emt 0:
01:06]} 23. Qd2 {[%emt 0:00:13]} Qf6 {[%emt 0:00:36]} 24. Re3 {[%emt 0:00:42]}
Qd4 {[%emt 0:00:16]} 25. Qe2 {[%emt 0:00:41]} Ng7 {[%emt 0:00:02]} 26. Rd1 {
[%emt 0:01:02]} Qf6 {[%emt 0:00:00]} 27. Qd2 {[%emt 0:00:34]} Qe7 {[%emt 0:00:
45]} 28. Rde1 {[%emt 0:00:05]} Qf6 {[%emt 0:00:18]} 29. Ne2 {[%emt 0:00:13]} h5
{[%emt 0:00:58]} 30. h4 {[%emt 0:00:41]} d5 {[%emt 0:01:26]} 31. e5 {[%emt 0:
01:50]} Qe7 {[%emt 0:00:00]} 32. cxd5 {[%emt 0:00:06]} cxd5 {[%emt 0:00:04]}
33. Nd4 {[%emt 0:00:44]} a4 {[%emt 0:00:16]} 34. bxa4 {[%emt 0:01:04]} Nce6 {
[%emt 0:00:07]} 35. Rd3 {[%emt 0:00:07]} Nc5 {[%emt 0:00:30]} 36. Rc3 {[%emt 0:
00:22]} Nxa4 {[%emt 0:00:19]} 37. Rc2 {[%emt 0:00:08]} Nc5 {[%emt 0:00:00]} 38.
Qb4 {[%emt 0:00:11]} Nce6 {[%emt 0:00:14]} 39. Qxe7 {[%emt 0:00:10]} Rxe7 {
[%emt 0:00:05]} 40. Nb5 {[%emt 0:00:05]} Nf5 {[%emt 0:00:15]} 41. Rec1 {
[%emt 0:00:17]} d4 {[%emt 0:00:15]} 42. Rd2 {[%emt 0:00:09]} d3 {[%emt 0:00:14]
} 43. Be4 {[%emt 0:00:08]} Ned4 {[%emt 0:00:13]} 44. Rxd3 {[%emt 0:00:12]} Red7
{[%emt 0:00:00]} 45. Rcd1 {[%emt 0:00:02]} Nf3+ {[%emt 0:00:16]} 46. Kh3 {
[%emt 0:00:12]} Rxd3 {[%emt 0:00:13]} 47. Rxd3 {[%emt 0:00:04]} Rxd3 {[%emt 0:
00:06]} 48. Bxd3 {[%emt 0:00:01]} N5d4 {[%emt 0:00:13]} 49. Nxd4 {[%emt 0:00:
07]} Nxd4 {[%emt 0:00:00]} 50. Kg2 {[%emt 0:00:03]} Kf8 {[%emt 0:00:04]} 51.
Kf2 {[%emt 0:00:04]} Ke7 {[%emt 0:00:00]} 52. Ke3 {[%emt 0:00:00]} Ne6 {
[%emt 0:00:06]} 53. Be4 {[%emt 0:00:33]} b6 {[%emt 0:00:00]} 54. Kd3 {[%emt 0:
00:01]} Nc7 {[%emt 0:00:23]} 55. Kc4 {[%emt 0:00:21]} Ke6 {[%emt 0:00:07]} 56.
a4 {[%emt 0:00:09]} Ke7 {[%emt 0:00:04]} 57. f5 {[%emt 0:00:05]} gxf5 {[%emt 0:
00:08]} 58. Bxf5 {[%emt 0:00:01]} f6 {[%emt 0:00:15]} 59. Bg6 {[%emt 0:00:16]}
fxe5 {[%emt 0:00:01]} 60. Bxh5 {[%emt 0:00:06]} Kf6 {[%emt 0:00:26]} 61. Bg4 {
[%emt 0:00:06]} Kg6 {[%emt 0:00:25]} 62. Kd3 {[%emt 0:00:20]} Na6 {[%emt 0:00:
04]} 63. Bd1 {[%emt 0:00:14]} Kf5 {[%emt 0:00:04]} 64. Ke3 {[%emt 0:00:05]} e4
{[%emt 0:00:26]} 65. g4+ {[%emt 0:00:23]} Ke5 {[%emt 0:00:00]} 66. Bb3 {
[%emt 0:00:21]} Nc7 {[%emt 0:00:17]} 67. h5 {[%emt 0:00:13]} Na6 {[%emt 0:00:
17]} 68. Bc2 {[%emt 0:00:17]} Nc5 {[%emt 0:00:08]} 69. g5 {[%emt 0:00:02]} Kf5
{[%emt 0:00:04]} 70. g6 {[%emt 0:00:03]} Kf6 {[%emt 0:00:02]} 71. Kf4 {[%emt 0:
00:03]} Kg7 {[%emt 0:00:09]} 72. Ke3 {[%emt 0:00:25]} Kh6 {[%emt 0:00:07]} 73.
Bd1 {[%emt 0:00:06]} Kg7 {[%emt 0:00:27]} 74. Kd4 {[%emt 0:00:04]} Kh6 {
[%emt 0:00:03]} 75. a5 {[%emt 0:00:22]} Ne6+ {[%emt 0:00:18]} 76. Ke5 {[%emt 0:
00:02]} bxa5 {[%emt 0:00:02]} 77. Kxe6 {[%emt 0:00:01]} 1-0

[Event "RUS-ch Rapid 2021"]
[Site "Sochi"]
[Date "2021.10.12"]
[Round "4.15"]
[White "Pridorozhni, Aleksei"]
[Black "Dudin, Gleb"]
[Result "1-0"]
[WhiteElo "2564"]
[BlackElo "2438"]
[Annotator "ChessBase"]
[PlyCount "85"]
[EventDate "2021.10.12"]
[EventType "swiss"]
[EventCountry "RUS"]
[SourceTitle "playchess.com"]
[Source "ChessBase"]
[SourceQuality "1"]
[TimeControl "900+10"]

1. e4 {[%emt 0:00:04]} c6 {[%emt 0:00:07]} 2. Nc3 {[%emt 0:00:00]} d5 {[%emt 0:
00:01]} 3. Nf3 {[%emt 0:00:00]} dxe4 {[%emt 0:00:12]} 4. Nxe4 {[%emt 0:00:02]}
Nf6 {[%emt 0:00:04]} 5. Qe2 {[%emt 0:00:31]} Nxe4 {[%emt 0:00:42]} 6. Qxe4 {
[%emt 0:00:00]} Be6 {[%emt 0:00:02]} 7. Qe3 {[%emt 0:00:52]} Bf5 {[%emt 0:03:
57]} 8. c4 {[%emt 0:04:33]} e6 {[%emt 0:00:11]} 9. Be2 {[%emt 0:00:01]} c5 {
[%emt 0:01:56]} 10. Ne5 {[%emt 0:00:22]} Bd6 {[%emt 0:00:45]} 11. g4 {[%emt 0:
01:04]} Bg6 {[%emt 0:00:58]} 12. b3 {[%emt 0:00:49]} Qf6 {[%emt 0:02:01]} 13.
Bb2 {[%emt 0:00:18]} Nd7 {[%emt 0:01:35]} 14. g5 {[%emt 0:00:16]} Qf5 {[%emt 0:
01:03]} 15. Bd3 {[%emt 0:00:47]} Bxe5 {[%emt 0:00:04]} 16. Bxf5 {[%emt 0:00:00]
} Bxb2 {[%emt 0:00:02]} 17. Bxg6 {[%emt 0:00:06]} hxg6 {[%emt 0:01:22]} 18. Rb1
{[%emt 0:00:04]} Bd4 {[%emt 0:00:00]} 19. Qe4 {[%emt 0:00:01]} O-O-O {[%emt 0:
00:43]} 20. b4 {[%emt 0:00:12]} Rh3 {[%emt 0:00:07]} 21. Rb3 {[%emt 0:00:09]}
Rhh8 {[%emt 0:02:38]} 22. h4 {[%emt 0:00:30]} e5 {[%emt 0:00:06]} 23. b5 {
[%emt 0:00:23]} Nf8 {[%emt 0:00:08]} 24. a4 {[%emt 0:00:15]} Ne6 {[%emt 0:00:
11]} 25. a5 {[%emt 0:00:07]} Rd7 {[%emt 0:00:14]} 26. a6 {[%emt 0:00:00]} Kb8 {
[%emt 0:00:11]} 27. axb7 {[%emt 0:00:11]} Rxb7 {[%emt 0:00:05]} 28. Kf1 {
[%emt 0:00:42]} Nf4 {[%emt 0:00:12]} 29. Rf3 {[%emt 0:00:04]} Rd8 {[%emt 0:00:
12]} 30. Rxf4 {[%emt 0:00:03]} exf4 {[%emt 0:00:02]} 31. Qxf4+ {[%emt 0:00:11]}
Kc8 {[%emt 0:00:08]} 32. Qe4 {[%emt 0:00:09]} Kb8 {[%emt 0:00:11]} 33. Kg2 {
[%emt 0:00:04]} Rb6 {[%emt 0:00:20]} 34. Re1 {[%emt 0:00:09]} Rbd6 {[%emt 0:00:
07]} 35. Qf4 {[%emt 0:00:05]} R8d7 {[%emt 0:00:10]} 36. Re8+ {[%emt 0:00:08]}
Kc7 {[%emt 0:00:03]} 37. Rf8 {[%emt 0:00:21]} f6 {[%emt 0:00:06]} 38. Re8 {
[%emt 0:00:21]} Be5 {[%emt 0:00:07]} 39. Qf3 {[%emt 0:00:13]} Rd8 {[%emt 0:00:
24]} 40. Rxd8 {[%emt 0:00:11]} Rxd8 {[%emt 0:00:06]} 41. Qc6+ {[%emt 0:00:05]}
Kb8 {[%emt 0:00:00]} 42. Qxc5 {[%emt 0:00:00]} Rxd2 {[%emt 0:00:05]} 43. Qf8+ {
[%emt 0:00:00]} 1-0

[Event "RUS-ch Rapid 2021"]
[Site "Sochi"]
[Date "2021.10.12"]
[Round "4.16"]
[White "Ekdyshman, Mikhail"]
[Black "Triapishko, Alexandr"]
[Result "0-1"]
[WhiteElo "2315"]
[BlackElo "2506"]
[Annotator "ChessBase"]
[PlyCount "106"]
[EventDate "2021.10.12"]
[EventType "swiss"]
[EventCountry "RUS"]
[SourceTitle "playchess.com"]
[Source "ChessBase"]
[SourceQuality "1"]
[TimeControl "900+10"]

1. d4 {[%emt 0:00:00]} Nf6 {[%emt 0:00:35]} 2. c4 {[%emt 0:00:06]} e6 {[%emt 0:
00:07]} 3. Nc3 {[%emt 0:00:00]} Bb4 {[%emt 0:00:00]} 4. Qc2 {[%emt 0:00:03]} d5
{[%emt 0:00:00]} 5. Nf3 {[%emt 0:00:00]} c5 {[%emt 0:01:02]} 6. e3 {[%emt 0:00:
15]} O-O {[%emt 0:01:46]} 7. a3 {[%emt 0:00:10]} Bxc3+ {[%emt 0:00:00]} 8. Qxc3
{[%emt 0:00:20]} cxd4 {[%emt 0:02:07]} 9. exd4 {[%emt 0:00:04]} dxc4 {[%emt 0:
00:30]} 10. Bxc4 {[%emt 0:00:01]} b6 {[%emt 0:00:24]} 11. Bg5 {[%emt 0:00:28]}
Ba6 {[%emt 0:00:28]} 12. O-O {[%emt 0:03:50]} Ne4 {[%emt 0:03:39]} 13. Bxd8 {
[%emt 0:00:34]} Nxc3 {[%emt 0:00:00]} 14. Bxa6 {[%emt 0:00:11]} Nxa6 {[%emt 0:
00:03]} 15. bxc3 {[%emt 0:00:40]} Rfxd8 {[%emt 0:00:08]} 16. c4 {[%emt 0:00:18]
} Rac8 {[%emt 0:00:21]} 17. Rac1 {[%emt 0:00:00]} f6 {[%emt 0:00:54]} 18. Rfd1
{[%emt 0:00:20]} Kf7 {[%emt 0:00:10]} 19. Kf1 {[%emt 0:00:10]} Nb8 {[%emt 0:01:
27]} 20. Ke2 {[%emt 0:02:26]} Rd7 {[%emt 0:01:27]} 21. Rc3 {[%emt 0:02:56]} Nc6
{[%emt 0:00:51]} 22. c5 {[%emt 0:02:26]} Ne7 {[%emt 0:00:28]} 23. Rdc1 {
[%emt 0:00:16]} Nd5 {[%emt 0:00:00]} 24. Rc4 {[%emt 0:01:10]} Nf4+ {[%emt 0:00:
26]} 25. Kf1 {[%emt 0:00:28]} g5 {[%emt 0:01:23]} 26. g3 {[%emt 0:00:00]} Nd5 {
[%emt 0:00:18]} 27. h3 {[%emt 0:01:42]} Kg6 {[%emt 0:00:17]} 28. a4 {[%emt 0:
00:03]} h5 {[%emt 0:00:00]} 29. Ke2 {[%emt 0:00:05]} Ne7 {[%emt 0:00:00]} 30.
cxb6 {[%emt 0:00:13]} Rxc4 {[%emt 0:00:44]} 31. Rxc4 {[%emt 0:00:11]} axb6 {
[%emt 0:00:00]} 32. Rb4 {[%emt 0:00:07]} Nd5 {[%emt 0:00:01]} 33. Rc4 {[%emt 0:
00:02]} Kf5 {[%emt 0:00:25]} 34. Rc6 {[%emt 0:00:18]} Ra7 {[%emt 0:00:05]} 35.
Nd2 {[%emt 0:00:48]} Rxa4 {[%emt 0:00:00]} 36. Nc4 {[%emt 0:00:06]} Ra2+ {
[%emt 0:00:54]} 37. Kf3 {[%emt 0:00:00]} g4+ {[%emt 0:00:05]} 38. Kg2 {[%emt 0:
00:00]} Ra4 {[%emt 0:00:00]} 39. hxg4+ {[%emt 0:00:33]} hxg4 {[%emt 0:00:12]}
40. Nxb6 {[%emt 0:00:12]} Rxd4 {[%emt 0:00:03]} 41. Nxd5 {[%emt 0:00:00]} exd5
{[%emt 0:00:00]} 42. Rc8 {[%emt 0:00:04]} Rc4 {[%emt 0:00:39]} 43. Rd8 {
[%emt 0:00:21]} Ke4 {[%emt 0:00:07]} 44. Re8+ {[%emt 0:00:11]} Kd4 {[%emt 0:00:
10]} 45. Re6 {[%emt 0:00:19]} f5 {[%emt 0:00:02]} 46. Re8 {[%emt 0:00:05]} Kc3
{[%emt 0:00:13]} 47. Re3+ {[%emt 0:00:16]} Kc2 {[%emt 0:00:07]} 48. Re2+ {
[%emt 0:00:03]} Kb3 {[%emt 0:00:20]} 49. Re5 {[%emt 0:00:16]} d4 {[%emt 0:00:
04]} 50. Rxf5 {[%emt 0:00:05]} d3 {[%emt 0:00:03]} 51. Rd5 {[%emt 0:00:16]} Kc3
{[%emt 0:00:07]} 52. Ra5 {[%emt 0:00:11]} d2 {[%emt 0:00:04]} 53. Ra1 {[%emt 0:
00:00]} Kb2 {[%emt 0:00:08]} 0-1

[Event "RUS-ch Rapid 2021"]
[Site "Sochi"]
[Date "2021.10.12"]
[Round "4.17"]
[White "Savitskiy, Sergey"]
[Black "Timofeev, Artyom"]
[Result "0-1"]
[WhiteElo "2439"]
[BlackElo "2586"]
[Annotator "ChessBase"]
[PlyCount "138"]
[EventDate "2021.10.12"]
[EventType "swiss"]
[EventCountry "RUS"]
[SourceTitle "playchess.com"]
[Source "ChessBase"]
[SourceQuality "1"]
[TimeControl "900+10"]

1. e4 {[%emt 0:00:05]} e5 {[%emt 0:00:00]} 2. Bc4 {[%emt 0:00:20]} Nf6 {
[%emt 0:00:23]} 3. d3 {[%emt 0:00:00]} Be7 {[%emt 0:00:06]} 4. Nc3 {[%emt 0:00:
03]} c6 {[%emt 0:00:22]} 5. Nf3 {[%emt 0:00:16]} d6 {[%emt 0:00:03]} 6. O-O {
[%emt 0:01:13]} O-O {[%emt 0:00:05]} 7. a4 {[%emt 0:01:17]} Nbd7 {[%emt 0:00:
38]} 8. d4 {[%emt 0:00:28]} Qc7 {[%emt 0:00:34]} 9. Ba2 {[%emt 0:00:14]} exd4 {
[%emt 0:00:38]} 10. Nxd4 {[%emt 0:00:02]} Nc5 {[%emt 0:00:00]} 11. Re1 {
[%emt 0:00:09]} Bg4 {[%emt 0:00:21]} 12. f3 {[%emt 0:00:05]} Bd7 {[%emt 0:00:
20]} 13. Be3 {[%emt 0:00:09]} Rfe8 {[%emt 0:00:15]} 14. Qd2 {[%emt 0:00:18]} a5
{[%emt 0:00:02]} 15. Qf2 {[%emt 0:01:25]} Na6 {[%emt 0:01:00]} 16. Rad1 {
[%emt 0:04:56]} Nb4 {[%emt 0:00:05]} 17. Bb3 {[%emt 0:00:04]} Rab8 {[%emt 0:00:
46]} 18. Bc4 {[%emt 0:02:08]} b6 {[%emt 0:00:53]} 19. Bf4 {[%emt 0:00:22]} Nh5
{[%emt 0:00:04]} 20. Be3 {[%emt 0:00:00]} Nf6 {[%emt 0:00:16]} 21. Bf4 {
[%emt 0:01:19]} Nh5 {[%emt 0:00:10]} 22. Bc1 {[%emt 0:00:04]} Rbd8 {[%emt 0:00:
51]} 23. Bb3 {[%emt 0:00:00]} Bc8 {[%emt 0:00:19]} 24. Nce2 {[%emt 0:00:32]} d5
{[%emt 0:00:25]} 25. c3 {[%emt 0:00:03]} Na6 {[%emt 0:00:09]} 26. exd5 {
[%emt 0:00:05]} cxd5 {[%emt 0:00:00]} 27. g4 {[%emt 0:00:34]} Nf6 {[%emt 0:00:
08]} 28. Bf4 {[%emt 0:00:00]} Qb7 {[%emt 0:00:24]} 29. Bc2 {[%emt 0:00:46]} Nc5
{[%emt 0:00:05]} 30. Ng3 {[%emt 0:00:24]} Ne6 {[%emt 0:00:12]} 31. Be3 {
[%emt 0:00:21]} Bc5 {[%emt 0:00:22]} 32. g5 {[%emt 0:00:58]} Nd7 {[%emt 0:00:
08]} 33. f4 {[%emt 0:00:00]} Qc7 {[%emt 0:00:00]} 34. Ngf5 {[%emt 0:01:24]}
Ndf8 {[%emt 0:01:53]} 35. Nb5 {[%emt 0:00:18]} Qb8 {[%emt 0:00:36]} 36. Nfd4 {
[%emt 0:00:21]} Nxd4 {[%emt 0:00:19]} 37. Nxd4 {[%emt 0:00:11]} Bg4 {[%emt 0:
01:17]} 38. Ra1 {[%emt 0:00:17]} Qc8 {[%emt 0:00:49]} 39. f5 {[%emt 0:00:03]}
g6 {[%emt 0:00:03]} 40. Nb5 {[%emt 0:00:22]} Rxe3 {[%emt 0:00:24]} 41. Rxe3 {
[%emt 0:00:02]} Bxe3 {[%emt 0:00:05]} 42. Qxe3 {[%emt 0:00:00]} Bxf5 {[%emt 0:
00:00]} 43. Bb3 {[%emt 0:00:29]} Be4 {[%emt 0:00:06]} 44. Qg3 {[%emt 0:00:10]}
Ne6 {[%emt 0:00:07]} 45. h4 {[%emt 0:00:10]} Nc5 {[%emt 0:01:24]} 46. Bd1 {
[%emt 0:00:13]} Qb8 {[%emt 0:00:11]} 47. Qxb8 {[%emt 0:00:10]} Rxb8 {[%emt 0:
00:00]} 48. Be2 {[%emt 0:00:10]} Kf8 {[%emt 0:00:20]} 49. Rf1 {[%emt 0:00:07]}
Nxa4 {[%emt 0:00:30]} 50. b4 {[%emt 0:00:13]} axb4 {[%emt 0:00:35]} 51. cxb4 {
[%emt 0:00:00]} Rd8 {[%emt 0:00:00]} 52. Nd4 {[%emt 0:00:03]} Kg7 {[%emt 0:00:
13]} 53. Bg4 {[%emt 0:00:13]} Nb2 {[%emt 0:00:21]} 54. Ra1 {[%emt 0:00:16]} h5
{[%emt 0:00:00]} 55. Bh3 {[%emt 0:00:00]} b5 {[%emt 0:02:16]} 56. Ra7 {[%emt 0:
00:02]} Kg8 {[%emt 0:00:02]} 57. Bf1 {[%emt 0:00:32]} Bd3 {[%emt 0:00:19]} 58.
Bg2 {[%emt 0:00:07]} Bc4 {[%emt 0:00:14]} 59. Nc6 {[%emt 0:00:14]} Rd6 {
[%emt 0:00:02]} 60. Ne5 {[%emt 0:00:11]} d4 {[%emt 0:00:05]} 61. Nf3 {[%emt 0:
00:08]} Bd5 {[%emt 0:00:17]} 62. Nd2 {[%emt 0:00:05]} d3 {[%emt 0:00:28]} 63.
Bxd5 {[%emt 0:00:10]} Rxd5 {[%emt 0:00:02]} 64. Kf2 {[%emt 0:00:10]} Nc4 {
[%emt 0:00:00]} 65. Ne4 {[%emt 0:00:00]} Rd8 {[%emt 0:00:00]} 66. Ra1 {[%emt 0:
00:12]} Kg7 {[%emt 0:00:00]} 67. Rd1 {[%emt 0:00:00]} d2 {[%emt 0:00:00]} 68.
Ke2 {[%emt 0:00:29]} Rd4 {[%emt 0:00:59]} 69. Nc3 {[%emt 0:00:03]} Rxh4 {
[%emt 0:00:03]} 0-1